Statistics for Click: English To Hebrew

Click here to take the quiz!

General Stats

  • This quiz has been taken 24 times
  • The average score is 11 of 20

Answer Stats

HintAnswer% Correct
Magneticמַגנֶטִי
80%
Bronzeבְּרוֹנזָה
80%
Autismאוֹטִיזְם
80%
Religionדָת
73%
Museumמוּזֵיאוֹן
73%
Offerהַצָעָה
67%
Gamingמשחקים
60%
Migrationהֲגִירָה
60%
Filterלְסַנֵן
53%
Gutterמַרזֵב
47%
Innאכסניה
47%
Retreatלָסֶגֶת
47%
Rehearsalחֲזָרָה
47%
Agileזָרִיז
47%
Columnטור
40%
Tavernמִסְבָּאָה
40%
Extinctנִכחָד
40%
Harborנמל
40%
Siegeמָצוֹר
40%
Constituencyמחוז בחירה
27%

Score Distribution

Percentile by Number Answered

Percent of People with Each Score

Your Score History

You have not taken this quiz